000 01079naa a22002657a 4500
001 BR2013006236
003 BR-BrBNA
005 20250721155552.0
007 ta
008 250630b bl.|||m| |||| 00| 0 por d
040 _aBR-BrBNA
_bpor
_cBiblioteca Nacional de Agricultura
041 _a(Pt)
072 _aE13
090 _aE13 BR2013006236
100 1 _aRocha, C.H.
245 1 _aDemanda por investimento agrícola no Brasil, 1970-2002: Um estudo econométrico
500 _aAvaliação de políticas públicas rurais Botelho Filho, F.B. (org.) Brasília, DF (Brasil): 2006. p. 215-223 [7 ref.; Summary (Pt)] (BR2013006236-AMS)
773 0 _tAvaliação de políticas públicas rurais
_aBotelho Filho, F.B. (org.). Universidade de Brasilia, DF (Brasil). Centro de Estudos Avançados
_wE13 BR2013006236
_gBrasília, DF (Brasil), 2006. p. 215-223
650 _aECONOMIA AGRÍCOLA
650 _aINVESTIMENTO
650 _aDEMANDA
490 _aCadernos do CEAM (Brazil)
_vv. 6(24)
_xISSN 0103-510X
942 _cAMS
_2AGRIS
909 _a202506
_bLúcia
_c55
_dLúcia Elande
999 _c337297
_d337297